000 00475nam a2200181Ia 4500
001 46559
008 140429s9999 xx 000 0 und d
020 _a9789695810217
040 _cPK-LaUMT
082 _aRHC 891.4393
_bSHA-T
100 _aShafi Baloch, Muhammad
245 _aThehro (Urdu)
_cShafi Baloch, Muhammad
260 _aFaisalabad,Pakistan:
_bMisal Publishers,
_c2009
300 _a178 p.
546 _aUR
650 _aPakistani literature-Urdu
942 _cBK
999 _c44511
_d44511